Statistics for Country Shooting Gallery #1

Click here to take the quiz!

General Stats

  • This quiz has been taken 168 times
  • The average score is 17 of 25

Answer Stats

Country % Correct
Oman
84%
Russia
84%
Poland
82%
Romania
81%
Paraguay
79%
Rwanda
78%
Palau
77%
Peru
76%
Pakistan
75%
Nicaragua
75%
Qatar
73%
Norway
72%
Nigeria
72%
Niger
72%
Portugal
68%
Philippines
67%
Netherlands
67%
Panama
66%
New Zealand
65%
Papua New Guinea
62%
North Korea
58%
Saint Kitts and Nevis
55%
Saint Lucia
54%
Saint Vincent and the Grenadines
51%
Republic of the Congo
40%

Score Distribution

Percentile by Number Answered

Percent of People with Each Score

Your Score History

You have not taken this quiz